[Event "North American Open 2014"]
[Site "Las Vegas"]
[Date "2014.12.26"]
[Round "1.4"]
[White "Gareyev, Timur"]
[Black "Salakhutdinov, Ildar"]
[Result "1-0"]
[WhiteElo "2621"]
[BlackElo "2264"]
[PlyCount "117"]
[EventDate "2014.12.??"]
[EventType "swiss"]
[EventRounds "9"]
[EventCountry "USA"]
[Source "MonRoi"]

1. d4 Nf6 2. c4 g6 3. Nc3 Bg7 4. e4 O-O 5. Bg5 d6 6. Qd2 c6 7. Bd3 e5 8. d5 Qc7
9. Nge2 Ne8 10. b4 f5 11. f3 f4 12. Bh4 c5 13. Nb5 Qd7 14. bxc5 dxc5 15. Rb1 b6
16. Bc2 a6 17. Nbc3 Nd6 18. Ba4 Qc7 19. Qd3 Bd7 20. Be7 Re8 21. Bxd7 Nxd7 22.
Bxd6 Qxd6 23. a4 Bf6 24. g3 h5 25. Rg1 Kf7 26. Kd2 Rg8 27. Kc2 Rg7 28. Nc1 Rag8
29. Qf1 Bd8 30. Qh3 Re8 31. Nd3 Kg8 32. Rg2 Qf6 33. Rbg1 fxg3 34. Rxg3 Rf8 35.
Qe6+ Kh7 36. Qc6 Qf7 37. Qb7 h4 38. Rh3 a5 39. Nb5 Qe7 40. Qc8 Rgf7 41. Qc6 Rf6
42. d6 Qf7 43. Na3 Re6 44. Nb5 g5 45. Nc3 Rg6 46. Nd5 Qe6 47. Rxh4+ Kg7 48. f4
exf4 49. Rxf4 gxf4 50. Rxg6+ Qxg6 51. Qxd7+ Kh6 52. Qh3+ Kg7 53. Qf3 Qxd6 54.
N3xf4 Rf7 55. Qg4+ Kf8 56. Ne6+ Ke8 57. Qg8+ Rf8 58. Qg6+ Rf7 59. Ng7+ 1-0

[Event "North American Open 2014"]
[Site "Las Vegas"]
[Date "2014.12.26"]
[Round "1.8"]
[White "Molner, Mackenzie"]
[Black "Yanayt, Eugene"]
[Result "0-1"]
[WhiteElo "2522"]
[BlackElo "2247"]
[PlyCount "90"]
[EventDate "2014.12.??"]
[EventType "swiss"]
[EventRounds "9"]
[EventCountry "USA"]
[Source "MonRoi"]

1. d4 Nf6 2. c4 g6 3. f3 Bg7 4. e4 O-O 5. Be3 d6 6. Nc3 c5 7. Nge2 Nc6 8. d5
Ne5 9. Ng3 e6 10. Be2 exd5 11. cxd5 a6 12. a4 h5 13. O-O Nh7 14. Qd2 h4 15. Nh1
f5 16. Nf2 Qf6 17. exf5 gxf5 18. Nh3 Bd7 19. Nf4 Qf7 20. Ne6 Bxe6 21. dxe6 Qxe6
22. Nd5 Rad8 23. Rfe1 Qf7 24. Bf2 h3 25. f4 Ng4 26. Bxg4 fxg4 27. Re7 Qh5 28.
Rxb7 hxg2 29. Re1 Kh8 30. Ne7 Rf7 31. Qd3 Rf6 32. Kxg2 Ng5 33. Bg3 Nf3 34. Rd1
Nd4 35. Kh1 Re8 36. Re1 Ref8 37. Qe4 Re6 38. Qxe6 Nxe6 39. Rxe6 Rf6 40. Re1 Bf8
41. Rb8 Kg7 42. f5 Rf7 43. Bxd6 Bxe7 44. Bxe7 g3 45. f6+ Kh7 0-1

[Event "North American Open 2014"]
[Site "Las Vegas"]
[Date "2014.12.26"]
[Round "1.9"]
[White "Panchanatham, Vignesh"]
[Black "Yermolinsky, Alex"]
[Result "0-1"]
[WhiteElo "2238"]
[BlackElo "2519"]
[PlyCount "68"]
[EventDate "2014.12.??"]
[EventType "swiss"]
[EventRounds "9"]
[EventCountry "USA"]
[Source "MonRoi"]

1. d4 Nf6 2. c4 e6 3. Nf3 b6 4. g3 Bb7 5. Bg2 Be7 6. O-O O-O 7. Nc3 Ne4 8. Bd2
d5 9. Qc2 Nxd2 10. Nxd2 c6 11. Rad1 f5 12. Kh1 Nd7 13. f3 Nf6 14. e4 fxe4 15.
fxe4 Ng4 16. Rxf8+ Bxf8 17. Nf1 Qf6 18. Kg1 c5 19. exd5 cxd4 20. Ne4 Qe5 21. h3
exd5 22. cxd5 Nf6 23. Nxf6+ gxf6 24. Qb3 Kh8 25. Kh2 f5 26. Qa4 Bg7 27. Qd7 Ba6
28. d6 Rg8 29. Qc6 f4 30. d7 fxg3+ 31. Nxg3 Bb5 32. Qd5 Bf6 33. Qf3 Bxd7 34.
Re1 Qd6 0-1

[Event "North American Open 2014"]
[Site "Las Vegas"]
[Date "2014.12.26"]
[Round "1.13"]
[White "Guerrero, Juan"]
[Black "Mitkov, Nikola"]
[Result "0-1"]
[WhiteElo "2231"]
[BlackElo "2482"]
[PlyCount "48"]
[EventDate "2014.12.??"]
[EventType "swiss"]
[EventRounds "9"]
[EventCountry "USA"]
[Source "MonRoi"]

1. e4 e5 2. Nf3 Nc6 3. d4 exd4 4. Nxd4 Bc5 5. Nb3 Bb4+ 6. Bd2 a5 7. a3 Bxd2+ 8.
N3xd2 Nge7 9. Nc3 O-O 10. Bc4 d6 11. Qe2 Ne5 12. O-O-O c6 13. Qe3 b5 14. Be2
Qc7 15. f4 Nd7 16. Nf3 Nf6 17. Qd4 b4 18. axb4 axb4 19. Qxb4 c5 20. Qb3 Be6 21.
Qb5 Rfb8 22. Qd3 d5 23. g3 dxe4 24. Nxe4 Rd8 0-1

[Event "North American Open 2014"]
[Site "Las Vegas"]
[Date "2014.12.26"]
[Round "1.15"]
[White "Colas, Joshua"]
[Black "Wang, Chen"]
[Result "1/2-1/2"]
[WhiteElo "2220"]
[BlackElo "2473"]
[PlyCount "153"]
[EventDate "2014.12.??"]
[EventType "swiss"]
[EventRounds "9"]
[EventCountry "USA"]
[Source "MonRoi"]

1. d4 d5 2. c4 e6 3. Nc3 Nf6 4. cxd5 exd5 5. Bg5 c6 6. e3 Bf5 7. Bd3 Bg6 8.
Nge2 Bd6 9. Ng3 h6 10. Bxf6 Qxf6 11. Bxg6 Qxg6 12. Qb1 Qe6 13. Qf5 O-O 14. Qxe6
fxe6 15. Nge2 Nd7 16. O-O Rf7 17. Rac1 a6 18. Na4 e5 19. dxe5 Nxe5 20. h3 Raf8
21. Rcd1 Bb8 22. b3 Nd7 23. Nac3 Re8 24. Nd4 Bc7 25. Nf3 Nf6 26. Rc1 Bd6 27.
Rfd1 Kh7 28. Rd4 g5 29. b4 Bf8 30. a4 Nd7 31. b5 Nb6 32. Rdd1 Nc4 33. Nd4 Rf6
34. Rb1 a5 35. bxc6 bxc6 36. Rb7+ Kg8 37. Rc7 Ne5 38. Nce2 Rf7 39. Rxf7 Kxf7
40. Ng3 Rc8 41. Ngf5 c5 42. Nb5 Ke6 43. Ng3 Nc6 44. Ne2 Nb4 45. Rc1 Rd8 46. Kf1
Rd7 47. g4 Nd3 48. Rc2 Bg7 49. Ng3 Be5 50. Ke2 c4 51. Nf5 Kf6 52. f3 h5 53. e4
hxg4 54. fxg4 Nb4 55. Rc1 Bf4 56. Rd1 Nd3 57. exd5 Rxd5 58. Nc3 Rd8 59. Ne4+
Ke5 60. Nc5 Nc1+ 61. Ke1 Nd3+ 62. Ke2 Nc1+ 63. Ke1 Rxd1+ 64. Kxd1 Kd5 65. Nd7
Nd3 66. h4 gxh4 67. Nxh4 Kd4 68. Nf3+ Ke3 69. Ne1 Nxe1 70. Kxe1 c3 71. Kd1 Kd3
72. Nc5+ Kc4 73. Ne6 Bd2 74. Kc2 Kb4 75. g5 Bxg5 76. Nxg5 Kxa4 77. Kxc3 1/2-1/2

[Event "North American Open 2014"]
[Site "Las Vegas"]
[Date "2014.12.26"]
[Round "1.16"]
[White "Sevillano, Enrico"]
[Black "Hilby, Craig"]
[Result "1-0"]
[WhiteElo "2465"]
[BlackElo "2219"]
[PlyCount "65"]
[EventDate "2014.12.??"]
[EventType "swiss"]
[EventRounds "9"]
[EventCountry "USA"]
[Source "MonRoi"]

1. e4 e5 2. Nf3 Nc6 3. Bb5 a6 4. Ba4 Nf6 5. d3 b5 6. Bb3 Be7 7. O-O d6 8. a4 b4
9. Nbd2 O-O 10. h3 Na5 11. Ba2 c5 12. c3 Nc6 13. Nc4 h6 14. Ne3 Re8 15. Bd2 Rb8
16. Nd5 Bf8 17. Nh2 Nxd5 18. Bxd5 Qc7 19. f4 exf4 20. Bxf4 Be6 21. Ng4 bxc3 22.
bxc3 Bxd5 23. exd5 Ne7 24. Qf3 Rb3 25. c4 Ng6 26. Bg3 h5 27. Nf2 h4 28. Bh2 Ne5
29. Bxe5 Rxe5 30. Ng4 Re7 31. Qf5 f6 32. Qg6 Kh8 33. Rf5 1-0

[Event "North American Open 2014"]
[Site "Las Vegas"]
[Date "2014.12.26"]
[Round "1.20"]
[White "Yankovsky, Roman"]
[Black "Hu, Bryan"]
[Result "1-0"]
[WhiteElo "2436"]
[BlackElo "2185"]
[PlyCount "65"]
[EventDate "2014.12.??"]
[EventType "swiss"]
[EventRounds "9"]
[EventCountry "USA"]
[Source "MonRoi"]

1. e4 e5 2. Nf3 Nc6 3. Bc4 Nf6 4. Ng5 d5 5. exd5 Na5 6. Bb5+ c6 7. dxc6 bxc6 8.
Bd3 h6 9. Ne4 Nd5 10. Ng3 g6 11. O-O Bg7 12. Be2 O-O 13. d3 Be6 14. Nd2 Rc8 15.
Nb3 c5 16. Ne4 Nb7 17. Bf3 f5 18. c4 fxe4 19. Bxe4 Qd6 20. cxd5 Bxd5 21. Be3
Bxe4 22. dxe4 Qxd1 23. Rfxd1 c4 24. Nd2 c3 25. bxc3 Rxc3 26. Rac1 Rfc8 27. Nb3
Rxc1 28. Rxc1 Rxc1+ 29. Bxc1 Bf8 30. Kf1 Nd6 31. f3 Kf7 32. Ke2 Ke6 33. Kd3 1-0

[Event "North American Open 2014"]
[Site "Las Vegas"]
[Date "2014.12.26"]
[Round "1.30"]
[White "Li, Ruifeng"]
[Black "Kostadinov, Georgi"]
[Result "0-1"]
[WhiteElo "2351"]
[BlackElo "2109"]
[PlyCount "146"]
[EventDate "2014.12.??"]
[EventType "swiss"]
[EventRounds "9"]
[EventCountry "USA"]
[Source "MonRoi"]

1. e4 c5 2. Nf3 d6 3. d4 cxd4 4. Nxd4 Nf6 5. Nc3 a6 6. Be3 e5 7. Nb3 Be7 8. Be2
Be6 9. O-O Nbd7 10. Qd3 Rc8 11. a4 Bc4 12. Qd2 Qc7 13. f3 O-O 14. Rfd1 b6 15.
Qe1 Qb7 16. Bxc4 Rxc4 17. Nd2 Rc6 18. Nf1 Rfc8 19. Bg5 Bf8 20. Ne3 b5 21. axb5
axb5 22. Bxf6 Nxf6 23. Ncd5 Nxd5 24. Rxd5 f5 25. c3 b4 26. Rd3 Ra6 27. exf5 e4
28. fxe4 Qxe4 29. Rad1 Re8 30. Qf2 d5 31. Nxd5 Qxd3 32. Rxd3 Ra1+ 33. Qf1 Bc5+
34. Rd4 Rxf1+ 35. Kxf1 Bxd4 36. cxd4 Rd8 37. Nxb4 Rxd4 38. Nc6 Rc4 39. Ne7+ Kf7
40. Nd5 Rd4 41. Ne3 Rb4 42. Kf2 Rxb2+ 43. Kf3 Kf6 44. h3 h5 45. h4 Rb3 46. Kf4
Rb4+ 47. Kg3 Ke5 48. Nf1 Rb3+ 49. Kh2 Kxf5 50. Nd2 Re3 51. Nf3 Kg4 52. Nd4 g6
53. Nc2 Re4 54. Na3 Kxh4 55. Nb1 Kg4 56. Nd2 Re2 57. Nf3 h4 58. Ng1 Re8 59. Nh3
g5 60. Nf2+ Kh5 61. Nh3 g4 62. Ng1 Re1 63. Kh1 Kg5 64. Kh2 Kf4 65. g3+ hxg3+
66. Kg2 Ke3 67. Kh1 g2+ 68. Kxg2 Kf4 69. Kf2 Re8 70. Kg2 Re1 71. Kf2 Rxg1 72.
Kxg1 Kg3 73. Kh1 Kf2 0-1

[Event "North American Open 2014"]
[Site "Las Vegas"]
[Date "2014.12.26"]
[Round "1.35"]
[White "Ebrahim-shirazi, Behrooz"]
[Black "Brown, Michael"]
[Result "0-1"]
[WhiteElo "2056"]
[BlackElo "2319"]
[PlyCount "74"]
[EventDate "2014.12.??"]
[EventType "swiss"]
[EventRounds "9"]
[EventCountry "USA"]
[Source "MonRoi"]

1. d4 Nf6 2. c4 e6 3. Nc3 Bb4 4. e3 O-O 5. Nge2 d5 6. a3 Be7 7. cxd5 exd5 8. g3
c6 9. Bg2 Re8 10. O-O Nbd7 11. Bd2 Nb6 12. b3 Bf5 13. a4 a5 14. Re1 Bf8 15. f3
h6 16. g4 Bh7 17. Kh1 Rc8 18. Bh3 Nbd7 19. Rg1 Bd6 20. Ra2 Rc7 21. Ng3 Nf8 22.
Nf5 Bb4 23. Rc2 Ne6 24. f4 Bxc3 25. Bxc3 b6 26. Qf3 Ne4 27. Be1 Qf6 28. Rcg2 g5
29. Nxh6+ Qxh6 30. f5 Nf8 31. Rc2 Nd7 32. Bf1 Qd6 33. h4 Kg7 34. Rh2 Rh8 35.
Bd3 Ndf6 36. hxg5 Nxg5 37. Qf4 Qxf4 0-1

[Event "North American Open 2014"]
[Site "Las Vegas"]
[Date "2014.12.26"]
[Round "1.36"]
[White "Gulamali, Kazim"]
[Black "Jacobson, Brandon"]
[Result "1-0"]
[WhiteElo "2315"]
[BlackElo "1981"]
[PlyCount "117"]
[EventDate "2014.12.??"]
[EventType "swiss"]
[EventRounds "9"]
[EventCountry "USA"]
[Source "MonRoi"]

1. Nf3 Nf6 2. c4 g6 3. d4 Bg7 4. g3 O-O 5. Bg2 d5 6. O-O dxc4 7. Na3 c3 8. bxc3
c5 9. Bb2 Nc6 10. e3 Bf5 11. Qe2 Qc7 12. Rfd1 Rad8 13. Ne1 Bg4 14. f3 Be6 15.
Nd3 b6 16. Nf2 Ne8 17. f4 Na5 18. d5 Bc8 19. e4 e5 20. dxe6 Bxe6 21. e5 Rxd1+
22. Rxd1 Qe7 23. c4 Nc7 24. Ne4 Rd8 25. Nf6+ Bxf6 26. exf6 Rxd1+ 27. Qxd1 Qd7
28. Qxd7 Bxd7 29. Be5 Ne6 30. Bd5 a6 31. Nc2 Nc6 32. Bd6 Ncd4 33. Ne3 b5 34.
Ng4 Nf5 35. Bb8 Ned4 36. Ne5 Be6 37. Ba7 bxc4 38. Bxc4 Bxc4 39. Nxc4 Ne6 40.
Kf2 Nfd4 41. Bb8 h5 42. Ke3 Nc6 43. Be5 Kf8 44. Ke4 Ke8 45. a3 Kd7 46. Kd5 Ncd4
47. a4 Nf3 48. h4 Ng1 49. Nd6 Ne2 50. Nxf7 Nxg3 51. Nh8 Nf8 52. Bd6 Nh7 53. f7
Nf5 54. f8=Q Nxf8 55. Bxf8 Nxh4 56. Bxc5 Ke8 57. Bf2 Ng2 58. Nxg6 h4 59. Bxh4
1-0

[Event "North American Open 2014"]
[Site "Las Vegas"]
[Date "2014.12.26"]
[Round "1.37"]
[White "Norovsambuu, Badamkhand"]
[Black "Shetty, Atulya"]
[Result "0-1"]
[WhiteElo "1980"]
[BlackElo "2307"]
[PlyCount "80"]
[EventDate "2014.12.??"]
[EventType "swiss"]
[EventRounds "9"]
[EventCountry "USA"]
[Source "MonRoi"]

1. d4 d5 2. c4 c6 3. Nc3 Nf6 4. Nf3 a6 5. cxd5 cxd5 6. Bg5 Ne4 7. Bh4 Nc6 8. e3
Bf5 9. Nxe4 Bxe4 10. a3 Bxf3 11. gxf3 Qb6 12. Bd3 e6 13. O-O Be7 14. Bg3 h5 15.
h3 Qd8 16. b4 Bd6 17. b5 axb5 18. Bxb5 Bxg3 19. fxg3 Qd6 20. Kg2 Rxa3 21. Rxa3
Qxa3 22. Qa1 Qxa1 23. Bxc6+ bxc6 24. Rxa1 O-O 25. Rc1 Rc8 26. e4 Kf8 27. g4
hxg4 28. hxg4 Ke7 29. Rc5 Kd7 30. Ra5 Rc7 31. e5 Rb7 32. Kf2 Kc7 33. f4 Kb6 34.
Rc5 Ra7 35. Rc3 Ra4 36. Rb3+ Kc7 37. Ke3 c5 38. dxc5 g5 39. fxg5 Rxg4 40. Rb6
Rxg5 0-1

[Event "North American Open 2014"]
[Site "Las Vegas"]
[Date "2014.12.26"]
[Round "1.42"]
[White "Wheeler, Cameron"]
[Black "Parnon, Calvin"]
[Result "1-0"]
[WhiteElo "2284"]
[BlackElo "1886"]
[PlyCount "101"]
[EventDate "2014.12.??"]
[EventType "swiss"]
[EventRounds "9"]
[EventCountry "USA"]
[Source "MonRoi"]

1. Nf3 Nf6 2. g3 d5 3. Bg2 e6 4. O-O Be7 5. c4 O-O 6. d4 dxc4 7. Qc2 a6 8. Qxc4
b5 9. Qc2 Bb7 10. Bf4 Bd6 11. Nc3 Nc6 12. Rfd1 Nb4 13. Qd2 Nbd5 14. Rac1 Nxf4
15. gxf4 c5 16. e3 Qb6 17. Qe2 Rac8 18. dxc5 Bxc5 19. Ng5 Bxg2 20. Kxg2 Rfd8
21. Qf3 Bf8 22. Nce4 Be7 23. Rxd8+ Rxd8 24. b4 h6 25. Rc6 Qb7 26. Nxf6+ Bxf6
27. Ne4 Rd5 28. Rd6 Be7 29. Nc5 Rg5+ 30. fxg5 Qxf3+ 31. Kxf3 Bxd6 32. gxh6 gxh6
33. Nxa6 Bxh2 34. Kg4 Bd6 35. f4 Kg7 36. e4 Kg6 37. e5 h5+ 38. Kf3 Be7 39. a3
Bd8 40. Nc5 h4 41. Ne4 h3 42. Nd6 Bh4 43. Nxb5 h2 44. Kg2 Bg3 45. a4 Be1 46. a5
Bxb4 47. a6 Bc5 48. Kxh2 Kf5 49. Kg3 f6 50. Nd6+ Kg6 51. exf6 1-0

[Event "North American Open 2014"]
[Site "Las Vegas"]
[Date "2014.12.26"]
[Round "2.2"]
[White "Akobian, Varuzhan"]
[Black "Banawa, Joel"]
[Result "1/2-1/2"]
[WhiteElo "2637"]
[BlackElo "2361"]
[PlyCount "124"]
[EventDate "2014.12.??"]
[EventType "swiss"]
[EventRounds "9"]
[EventCountry "USA"]
[Source "MonRoi"]

1. d4 Nf6 2. c4 e6 3. Nc3 Bb4 4. Qc2 O-O 5. a3 Bxc3+ 6. Qxc3 Ne4 7. Qc2 f5 8.
Nh3 d6 9. f3 Nf6 10. e3 e5 11. dxe5 dxe5 12. Nf2 a5 13. Bd2 Be6 14. Bd3 Nfd7
15. b3 Qe7 16. O-O c5 17. Nd1 Nc6 18. Nc3 Nb6 19. Rad1 Rad8 20. Bc1 Rd7 21. Bb2
Kh8 22. Nb5 Rfd8 23. Be2 Rxd1 24. Rxd1 Rxd1+ 25. Qxd1 a4 26. Bc3 h6 27. Kf1 Kh7
28. Be1 Qf7 29. Nd6 Qd7 30. Bc3 Nd4 31. exd4 exd4 32. Nxb7 dxc3 33. Nxc5 Qxd1+
34. Bxd1 axb3 35. Bxb3 Bxc4+ 36. Ke1 Bxb3 37. Nxb3 Nc4 38. a4 c2 39. Ke2 Kg6
40. Kd3 Nb2+ 41. Kxc2 Nxa4 42. Kd3 Nb2+ 43. Kd4 Kf6 44. Nc5 Nd1 45. Nd3 g5 46.
g3 Ke6 47. f4 Kf6 48. h3 Ke6 49. h4 gxh4 50. gxh4 h5 51. Nc5+ Kf6 52. Nd7+ Ke7
53. Nb6 Ke6 54. Nc4 Nf2 55. Nd2 Kd6 56. Nc4+ Ke6 57. Nd2 Kd6 58. Nf3 Ke6 59.
Nd2 Kd6 60. Ke3 Ng4+ 61. Kd3 Nf6 62. Nc4+ Ke6 1/2-1/2

[Event "North American Open 2014"]
[Site "Las Vegas"]
[Date "2014.12.26"]
[Round "2.5"]
[White "Yermolinsky, Alex"]
[Black "Kavutskiy, Kostya"]
[Result "1-0"]
[WhiteElo "2519"]
[BlackElo "2332"]
[PlyCount "61"]
[EventDate "2014.12.??"]
[EventType "swiss"]
[EventRounds "9"]
[EventCountry "USA"]
[Source "MonRoi"]

1. d4 Nf6 2. c4 e6 3. Nf3 Bb4+ 4. Bd2 c5 5. Bxb4 cxb4 6. g3 b6 7. Bg2 Bb7 8. a3
bxa3 9. Rxa3 O-O 10. Nc3 d6 11. O-O a5 12. Re1 Qc7 13. Nb5 Qe7 14. Qb1 Na6 15.
e4 Rab8 16. Rae3 Nd7 17. b3 e5 18. Nc3 f6 19. Bh3 Nb4 20. Nd5 Nxd5 21. exd5 g6
22. dxe5 dxe5 23. Nd4 Nc5 24. f4 e4 25. Ne6 Rfe8 26. f5 b5 27. Qd1 Nxe6 28.
fxe6 f5 29. g4 bxc4 30. gxf5 Qc5 31. f6 1-0

[Event "North American Open 2014"]
[Site "Las Vegas"]
[Date "2014.12.26"]
[Round "2.6"]
[White "Brown, Michael"]
[Black "Georgiev, Vladimir"]
[Result "0-1"]
[WhiteElo "2319"]
[BlackElo "2517"]
[PlyCount "158"]
[EventDate "2014.12.??"]
[EventType "swiss"]
[EventRounds "9"]
[EventCountry "USA"]
[Source "MonRoi"]

1. d4 d6 2. Nf3 g6 3. c4 Nf6 4. Nc3 Bf5 5. g3 Ne4 6. Nxe4 Bxe4 7. Bg2 Bg7 8.
O-O O-O 9. Be3 Nd7 10. Rc1 c5 11. Ne1 Bxg2 12. Nxg2 a5 13. dxc5 Nxc5 14. b3 Qb6
15. Qd2 Qb4 16. Rfd1 Qxd2 17. Rxd2 Ne4 18. Rd3 Bb2 19. Rc2 Ba3 20. Nf4 e6 21.
f3 Nf6 22. Rd1 Rfc8 23. Bc1 Bc5+ 24. Kf1 a4 25. Bb2 axb3 26. axb3 Ra2 27. Nd3
Ba3 28. Ra1 Rxa1+ 29. Bxa1 Nd7 30. Ra2 Bc5 31. e4 Kf8 32. e5 dxe5 33. Nxe5 Nxe5
34. Bxe5 Ke7 35. Ke2 f6 36. Bf4 Kd7 37. Be3 Bd6 38. Kd3 h5 39. b4 Bxb4 40. Rb2
Bd6 41. Rxb7+ Rc7 42. Rb5 Rc6 43. Bb6 h4 44. gxh4 Bxh2 45. c5 Rc8 46. Rb2 Be5
47. Rg2 Rh8 48. Rxg6 Rxh4 49. Rg4 Rh3 50. Ke3 Kc6 51. Rg8 Rh4 52. Rc8+ Kb5 53.
Rd8 Ra4 54. Rd1 Ra3+ 55. Ke2 Bf4 56. Rb1+ Kc6 57. Rb2 Re3+ 58. Kf2 Rc3 59. Re2
e5 60. Bd8 f5 61. Be7 Kd5 62. Bd6 Kd4 63. c6 Rxc6 64. Bb4 Rh6 65. Re1 Rh2+ 66.
Kg1 Rc2 67. Ba5 Be3+ 68. Kh1 Kd3 69. Bb4 Rc6 70. Kg2 Rg6+ 71. Kh1 f4 72. Kh2 e4
73. fxe4 Kxe4 74. Rf1 Kd3 75. Be7 Ke2 76. Ra1 Rh6+ 77. Kg2 f3+ 78. Kg3 Rg6+ 79.
Kh3 f2 0-1

[Event "North American Open 2014"]
[Site "Las Vegas"]
[Date "2014.12.26"]
[Round "2.7"]
[White "Dlugy, Maxim"]
[Black "Gulamali, Kazim"]
[Result "1-0"]
[WhiteElo "2494"]
[BlackElo "2315"]
[PlyCount "91"]
[EventDate "2014.12.??"]
[EventType "swiss"]
[EventRounds "9"]
[EventCountry "USA"]
[Source "MonRoi"]

1. d4 Nf6 2. c4 e6 3. Nf3 c5 4. d5 b5 5. dxe6 fxe6 6. cxb5 d5 7. Nc3 Be7 8. e4
d4 9. e5 dxc3 10. exf6 Qxd1+ 11. Kxd1 Bxf6 12. Kc2 cxb2 13. Bxb2 Nd7 14. Nd2
O-O 15. f3 Bb7 16. Bxf6 Rxf6 17. Bd3 Bd5 18. Ne4 Rf4 19. Nc3 Ne5 20. Be4 Bxe4+
21. Nxe4 Nc4 22. Kd3 Na3 23. Nxc5 e5 24. Rhc1 Rd8+ 25. Ke2 Rb4 26. Nd3 Rbd4 27.
Nxe5 Rd2+ 28. Kf1 R8d5 29. Rc8+ Rd8 30. Rac1 Nxb5 31. a4 Na3 32. R1c7 a6 33.
Rc6 a5 34. Rc5 Nb1 35. Rxd8+ Rxd8 36. Rxa5 Nc3 37. Ra7 h6 38. a5 Rd5 39. Nc6
Rd1+ 40. Kf2 Rd2+ 41. Kg3 Ne2+ 42. Kg4 Rd6 43. Ne7+ Kh7 44. Nf5 Rg6+ 45. Kh4
Nf4 46. Rxg7+ 1-0

[Event "North American Open 2014"]
[Site "Las Vegas"]
[Date "2014.12.26"]
[Round "2.8"]
[White "Shetty, Atulya"]
[Black "Chandra, Akshat"]
[Result "1-0"]
[WhiteElo "2307"]
[BlackElo "2489"]
[PlyCount "83"]
[EventDate "2014.12.??"]
[EventType "swiss"]
[EventRounds "9"]
[EventCountry "USA"]
[Source "MonRoi"]

1. c4 Nf6 2. g3 e5 3. Bg2 d5 4. cxd5 Nxd5 5. Nc3 Nb6 6. Nf3 Nc6 7. O-O Be7 8.
a3 O-O 9. b4 Be6 10. Rb1 f6 11. d3 a5 12. b5 Nd4 13. Nd2 Qc8 14. e3 Nf5 15. Qc2
Rd8 16. Bb2 a4 17. Rfc1 Nd6 18. Nde4 Ne8 19. Qe2 Qd7 20. d4 Bc4 21. Qe1 exd4
22. exd4 Nd5 23. Nc5 Bxc5 24. dxc5 Nxc3 25. Bxc3 Bd5 26. Rd1 Qf5 27. Bxd5+ Rxd5
28. Rxd5 Qxd5 29. Qe7 Qd3 30. Qe6+ Kh8 31. Re1 Qxb5 32. Qf7 h6 33. Qf8+ Kh7 34.
Bxf6 Ra6 35. Rxe8 Rxf6 36. Qg8+ Kg6 37. Re7 Kh5 38. Qxg7 Qb1+ 39. Kg2 Qf5 40.
Re2 Qf3+ 41. Kh3 Qxe2 42. g4+ 1-0

[Event "North American Open 2014"]
[Site "Las Vegas"]
[Date "2014.12.26"]
[Round "2.9"]
[White "Mitkov, Nikola"]
[Black "Wheeler, Cameron"]
[Result "1-0"]
[WhiteElo "2482"]
[BlackElo "2284"]
[PlyCount "55"]
[EventDate "2014.12.??"]
[EventType "swiss"]
[EventRounds "9"]
[EventCountry "USA"]
[Source "MonRoi"]

1. e4 e6 2. Nc3 d5 3. d4 Nf6 4. e5 Nfd7 5. f4 c5 6. Nf3 Nc6 7. Be3 a6 8. Qd2 b5
9. Qf2 Qa5 10. Be2 b4 11. Nd1 b3+ 12. Nc3 bxc2 13. Rc1 Rb8 14. Rxc2 Nb4 15. Rd2
Nxa2 16. Nxa2 Qxa2 17. O-O c4 18. f5 exf5 19. Nh4 g6 20. Nxf5 gxf5 21. Qxf5 Be7
22. Qxf7+ Kd8 23. Qxd5 Rxb2 24. Bxc4 Qa3 25. Rxb2 Qxe3+ 26. Kh1 Rf8 27. Qa5+
Ke8 28. Qc7 1-0

[Event "North American Open 2014"]
[Site "Las Vegas"]
[Date "2014.12.26"]
[Round "2.10"]
[White "Sang, Tian"]
[Black "Shen, Yang"]
[Result "1-0"]
[WhiteElo "2287"]
[BlackElo "2475"]
[PlyCount "37"]
[EventDate "2014.12.??"]
[EventType "swiss"]
[EventRounds "9"]
[EventCountry "USA"]
[Source "MonRoi"]

1. e4 e5 2. f4 exf4 3. Nf3 g5 4. Bc4 d6 5. h4 g4 6. Ng5 Nh6 7. d4 Qe7 8. Nc3 c6
9. Bxf4 f6 10. Qd2 b5 11. Bb3 b4 12. Ne2 fxg5 13. Bxg5 Qxe4 14. O-O Kd7 15. Ng3
Qg6 16. h5 Qg7 17. Bf6 Ba6 18. Bxg7 Bxg7 19. Nf5 1-0

[Event "North American Open 2014"]
[Site "Las Vegas"]
[Date "2014.12.26"]
[Round "2.11"]
[White "Krishnan, Varun"]
[Black "Sevillano, Enrico"]
[Result "1/2-1/2"]
[WhiteElo "2276"]
[BlackElo "2465"]
[PlyCount "60"]
[EventDate "2014.12.??"]
[EventType "swiss"]
[EventRounds "9"]
[EventCountry "USA"]
[Source "MonRoi"]

1. e4 c5 2. Nf3 Nc6 3. d4 cxd4 4. Nxd4 Nf6 5. Nc3 e5 6. Ndb5 d6 7. Bg5 a6 8.
Na3 b5 9. Bxf6 gxf6 10. Nd5 Bg7 11. c3 Ne7 12. Nxe7 Qxe7 13. Bd3 O-O 14. O-O f5
15. Nc2 d5 16. exf5 Bb7 17. Qh5 e4 18. Be2 b4 19. Nxb4 d4 20. Nd5 Bxd5 21. f6
Qxf6 22. Qxd5 d3 23. Bg4 Rae8 24. Rae1 Re5 25. Qc4 Rfe8 26. Bd7 R8e7 27. Qc8+
Bf8 28. Re3 Rg5 29. Qc6 Qxc6 30. Bxc6 f5 1/2-1/2

[Event "North American Open 2014"]
[Site "Las Vegas"]
[Date "2014.12.26"]
[Round "2.12"]
[White "Huang, Qian"]
[Black "Atoufi, Pedram"]
[Result "1-0"]
[WhiteElo "2464"]
[BlackElo "2274"]
[PlyCount "85"]
[EventDate "2014.12.??"]
[EventType "swiss"]
[EventRounds "9"]
[EventCountry "USA"]
[Source "MonRoi"]

1. Nf3 Nf6 2. c4 g6 3. g3 Bg7 4. Bg2 O-O 5. O-O d6 6. d4 Nc6 7. Nc3 Bf5 8. Ne1
Qc8 9. e4 Bh3 10. d5 Bxg2 11. Kxg2 Nb4 12. f3 c6 13. Be3 cxd5 14. cxd5 Qd7 15.
Qb3 Na6 16. Nd3 b6 17. Qb5 Nc7 18. Qxd7 Nxd7 19. Rac1 Nc5 20. Nb4 Rfe8 21. Rfd1
a5 22. Nc6 b5 23. Bxc5 dxc5 24. e5 Ra6 25. Nxe7+ Rxe7 26. d6 Rd7 27. dxc7 Rxc7
28. Rd8+ Bf8 29. Nxb5 Rb7 30. a4 Kg7 31. Rcd1 Re6 32. f4 f6 33. R1d7+ Rxd7 34.
Rxd7+ Re7 35. Rd5 fxe5 36. fxe5 Rb7 37. Kf3 Be7 38. Ke4 Kf8 39. b3 Kg7 40. Rd3
Kf8 41. Kd5 Rb6 42. Nd6 Rb4 43. Nc4 1-0

[Event "North American Open 2014"]
[Site "Las Vegas"]
[Date "2014.12.26"]
[Round "2.13"]
[White "Yanayt, Eugene"]
[Black "Vera, Reinaldo"]
[Result "1/2-1/2"]
[WhiteElo "2247"]
[BlackElo "2445"]
[PlyCount "65"]
[EventDate "2014.12.??"]
[EventType "swiss"]
[EventRounds "9"]
[EventCountry "USA"]
[Source "MonRoi"]

1. d4 d5 2. c4 e6 3. Nf3 Nf6 4. g3 dxc4 5. Bg2 Nc6 6. O-O a6 7. e3 Bd7 8. Qe2
b5 9. b3 cxb3 10. axb3 Bd6 11. Bb2 O-O 12. Rc1 Qb8 13. Ne5 Bxe5 14. Bxc6 Bd6
15. Bxa8 Qxa8 16. f3 Rc8 17. e4 Be7 18. Nd2 h6 19. Kg2 Qb7 20. Rc2 Be8 21. Nf1
Qb6 22. Ne3 Bc6 23. Nd1 Bb7 24. Nf2 Nd7 25. Nd3 a5 26. Qf2 f5 27. Nc5 Nxc5 28.
dxc5 Qc6 29. e5 Rd8 30. Qe3 Rd5 31. Rxa5 Rxc5 32. Rxc5 Bxc5 33. Qc3 1/2-1/2

[Event "North American Open 2014"]
[Site "Las Vegas"]
[Date "2014.12.26"]
[Round "2.16"]
[White "Kostadinov, Georgi"]
[Black "Gallego, Andres"]
[Result "0-1"]
[WhiteElo "2109"]
[BlackElo "2411"]
[PlyCount "56"]
[EventDate "2014.12.??"]
[EventType "swiss"]
[EventRounds "9"]
[EventCountry "USA"]
[Source "MonRoi"]

1. d4 Nf6 2. c4 g6 3. Nf3 Bg7 4. Nc3 d5 5. e3 O-O 6. Qb3 e6 7. Be2 b6 8. cxd5
exd5 9. O-O Bb7 10. Rd1 Nbd7 11. Ne5 Qe7 12. f4 c6 13. Bf3 Rfd8 14. Bd2 c5 15.
Be1 Ne4 16. Bxe4 dxe4 17. Bh4 Bf6 18. Bxf6 Qxf6 19. Nxd7 Rxd7 20. dxc5 Rd3 21.
cxb6 axb6 22. Rxd3 exd3 23. Nd5 Qd6 24. e4 Qc5+ 25. Kh1 Bxd5 26. Qxd5 Qxd5 27.
exd5 d2 28. Kg1 Rc8 0-1